[Event "Russian Championship B15 1st league 2016"]
[Site "Loo"]
[Date "2016.04.25"]
[Round "6.21"]
[White "Moskvin, Anatoly"]
[Black "Stepanenko, Kirill"]
[Result "1-0"]
[WhiteElo "1960"]
[BlackElo "1670"]
[PlyCount "73"]
[EventDate "2016.04.20"]

1. e4 c5 2. Nf3 e6 3. d3 a6 4. g3 b5 5. Bg2 Bb7 6. O-O d5 7. Nbd2 Be7 8. Qe2
Nf6 9. Re1 Qc7 10. a4 O-O 11. e5 Nfd7 12. h4 Nc6 13. h5 f6 14. exf6 Rxf6 15.
axb5 axb5 16. Rxa8+ Bxa8 17. Nf1 e5 18. Ne3 Qd6 19. Nh4 Nd4 20. Qg4 Rf7 21.
Nef5 Nxf5 22. Nxf5 Qf6 23. Nh6+ Kf8 24. Nxf7 Bc6 25. Ng5 Kg8 26. Qe6+ Qxe6 27.
Nxe6 h6 28. Nc7 Nb6 29. Nxd5 Bxd5 30. Bxd5+ Nxd5 31. Rxe5 Nb4 32. Rxe7 Nxc2 33.
Rc7 Nd4 34. Rxc5 Nb3 35. Rc8+ Kf7 36. Be3 g6 37. Rc7+ 1-0

[Event "Russian Championship B15 1st league 2016"]
[Site "Loo"]
[Date "2016.04.25"]
[Round "6.22"]
[White "Fomichev, Ilya"]
[Black "Shengeliya, Mikhail"]
[Result "0-1"]
[WhiteElo "1723"]
[BlackElo "1910"]
[PlyCount "48"]
[EventDate "2016.04.20"]

1. e4 e6 2. d4 d5 3. Nc3 Nf6 4. Bd3 c5 5. Nf3 Nc6 6. Be3 cxd4 7. Nxd4 e5 8.
Nxc6 bxc6 9. Bg5 d4 10. Ne2 Be7 11. f4 Ng4 12. Bxe7 Qxe7 13. g3 Ne3 14. Qd2 Bg4
15. Kf2 Bxe2 16. Bxe2 Rd8 17. c3 exf4 18. cxd4 Qf6 19. Bf3 Rxd4 20. Qc3 Nc4 21.
Rad1 Rxd1 22. Rxd1 Nxb2 23. Rc1 fxg3+ 24. hxg3 Nd1+ 0-1

[Event "Russian Championship B15 1st league 2016"]
[Site "Loo"]
[Date "2016.04.25"]
[Round "6.23"]
[White "Dzagov, Kambulat"]
[Black "Gabdrakhmanov, Azat"]
[Result "1-0"]
[WhiteElo "1651"]
[BlackElo "1904"]
[PlyCount "67"]
[EventDate "2016.04.20"]

1. d4 Nf6 2. Nc3 d5 3. Bg5 g6 4. Bxf6 exf6 5. e3 Bg7 6. Bd3 O-O 7. Nf3 f5 8.
O-O b6 9. Ne2 Bb7 10. c3 Nd7 11. Nf4 Nf6 12. c4 dxc4 13. Bxc4 Ne4 14. Qe2 Qd6
15. Rfd1 Rae8 16. Ba6 Ba8 17. Rac1 Re7 18. Nd3 Bh6 19. Qc2 Kh8 20. Nfe5 f6 21.
Nc6 Ree8 22. Nxa7 Nxf2 23. Nxf2 Bxe3 24. Qxc7 Qd5 25. Bf1 Rf7 26. Qxb6 Bxc1 27.
Rxc1 Re6 28. Rc8+ Kg7 29. Qb8 Bb7 30. Rg8+ Kh6 31. Qg3 Qxd4 32. Nb5 Qb4 33. a3
Qa4 34. b3 1-0

[Event "Russian Championship B15 1st league 2016"]
[Site "Loo"]
[Date "2016.04.25"]
[Round "6.24"]
[White "Shilov, Victor"]
[Black "Kiselev, Vladislav"]
[Result "1/2-1/2"]
[WhiteElo "1485"]
[BlackElo "1803"]
[PlyCount "88"]
[EventDate "2016.04.20"]

1. e4 d6 2. d4 Nf6 3. Nc3 Nbd7 4. Nf3 e5 5. Bd3 Be7 6. O-O O-O 7. h3 c6 8. Be3
b5 9. a3 Qc7 10. dxe5 dxe5 11. Ne2 Nc5 12. Ng3 Be6 13. Bxc5 Bxc5 14. b4 Be7 15.
Qe2 a5 16. c3 Ra7 17. a4 axb4 18. axb5 Rxa1 19. Rxa1 bxc3 20. bxc6 Qxc6 21.
Nxe5 Qc5 22. Nc4 Rc8 23. Rc1 Qb4 24. Rb1 Qc5 25. Rc1 Qd4 26. Qe3 Bc5 27. Qxd4
Bxd4 28. Ne3 Bxe3 29. fxe3 Bb3 30. Bc2 Be6 31. Ne2 Kf8 32. Bd3 Nd7 33. Rxc3 Ne5
34. Rxc8+ Bxc8 35. Bb5 Bb7 36. Nc3 Ke7 37. Kf2 Ke6 38. g4 g5 39. Be2 f6 40. Kg3
Ng6 41. Bc4+ Ke5 42. Bd5 Ba6 43. Bg8 h6 44. Bh7 Ne7 1/2-1/2

[Event "Russian Championship B15 1st league 2016"]
[Site "Loo"]
[Date "2016.04.25"]
[Round "6.25"]
[White "Smirnov, Roman"]
[Black "Safin, Danis"]
[Result "1-0"]
[WhiteElo "1792"]
[BlackElo "1627"]
[PlyCount "59"]
[EventDate "2016.04.20"]

1. e4 e5 2. Nc3 Nc6 3. Bc4 Bc5 4. Qg4 g6 5. Qg3 Nf6 6. Nge2 d6 7. d3 Be6 8.
Bxe6 fxe6 9. O-O Qe7 10. Na4 d5 11. Bg5 Bd6 12. exd5 exd5 13. Qh4 O-O 14. Nac3
Qe6 15. Bxf6 Rxf6 16. Nxd5 Rf5 17. Ne3 Rh5 18. Qe4 Qe7 19. c3 Rf8 20. Ng3 Rh6
21. Nd5 Qg5 22. Qe3 Qh4 23. h3 e4 24. Qxe4 Bxg3 25. Qe6+ Kg7 26. fxg3 Qd8 27.
Rxf8 Qxf8 28. Rf1 Qd8 29. Qf7+ Kh8 30. Re1 1-0

[Event "Russian Championship B15 1st league 2016"]
[Site "Loo"]
[Date "2016.04.25"]
[Round "6.26"]
[White "Dolgikh, Evgeniy"]
[Black "Prishibilovich, Matvei"]
[Result "1-0"]
[WhiteElo "1938"]
[BlackElo "1629"]
[PlyCount "71"]
[EventDate "2016.04.20"]

1. d4 d5 2. c4 e6 3. Nc3 Nf6 4. Bg5 Nbd7 5. Nf3 c6 6. e3 Qa5 7. Nd2 Bb4 8. Qc2
Ne4 9. Ndxe4 dxe4 10. Bh4 f5 11. Be2 e5 12. O-O exd4 13. exd4 O-O 14. c5 Nf6
15. Bc4+ Kh8 16. Rad1 Bxc3 17. bxc3 Nd5 18. Bxd5 cxd5 19. Qb3 h6 20. f4 exf3
21. gxf3 g5 22. Bf2 Qd8 23. Rfe1 b6 24. Re5 Bb7 25. Re6 Rf6 26. Rde1 Bc6 27.
Qc2 Bd7 28. Re7 Rc8 29. Qb3 Rc7 30. Qxd5 Rg6 31. Re8+ Qxe8 32. Rxe8+ Bxe8 33.
Qe5+ Kh7 34. Qxc7+ Rg7 35. Qe5 f4 36. Qxe8 1-0

[Event "Russian Championship B15 1st league 2016"]
[Site "Loo"]
[Date "2016.04.25"]
[Round "6.27"]
[White "Safin, Timur"]
[Black "Dobrynin, Yaroslav"]
[Result "1/2-1/2"]
[WhiteElo "1802"]
[BlackElo "1668"]
[PlyCount "100"]
[EventDate "2016.04.20"]

1. e4 e5 2. Nf3 Nc6 3. d4 exd4 4. Nxd4 Bc5 5. Nf5 Qf6 6. Nc3 Nge7 7. Ne3 O-O 8.
Be2 d6 9. O-O Be6 10. f4 Qh6 11. g4 Qh3 12. Bf3 Rad8 13. Kh1 Bxe3 14. Bxe3 d5
15. exd5 Bxd5 16. Nxd5 Nxd5 17. Bxd5 Qxe3 18. Qf3 Qxf3+ 19. Bxf3 Rd2 20. Bxc6
bxc6 21. Rac1 h6 22. Rfd1 Rfd8 23. Rg1 Rf2 24. Rgf1 Rdd2 25. Rxf2 Rxf2 26. Kg1
Rxf4 27. h3 Rd4 28. Kf2 Rd2+ 29. Kf3 Kh7 30. Kf4 Kg6 31. h4 h5 32. g5 Rg2 33.
Kf3 Rd2 34. Kf4 f6 35. gxf6 Kxf6 36. b3 Rd4+ 37. Kg3 Rg4+ 38. Kh3 g5 39. hxg5+
Kxg5 40. Re1 Kf6 41. Re8 a5 42. Rc8 Rg7 43. Ra8 Rg5 44. Ra7 Rc5 45. c4 Ke5 46.
Rxc7 Kd4 47. Rb7 Kc3 48. Kh4 Kb2 49. a4 Kc3 50. Rb6 Kb2 1/2-1/2

[Event "Russian Championship B15 1st league 2016"]
[Site "Loo"]
[Date "2016.04.25"]
[Round "6.28"]
[White "Chursin, Aleksandr"]
[Black "Galkin, Vladislav"]
[Result "0-1"]
[WhiteElo "1798"]
[BlackElo "1659"]
[PlyCount "71"]
[EventDate "2016.04.20"]

1. c4 c6 2. d4 d5 3. cxd5 cxd5 4. Nc3 Nf6 5. Nf3 Bf5 6. Bf4 e6 7. e3 Nc6 8. Bd3
Bxd3 9. Qxd3 Bb4 10. O-O O-O 11. Rac1 Bxc3 12. Rxc3 Ne4 13. Rcc1 Qb6 14. b3 Nb4
15. Qe2 Rac8 16. Ng5 Nc3 17. Qh5 h6 18. Nh3 Nbxa2 19. Bxh6 gxh6 20. Qg4+ Kh8
21. Qh5 e5 22. Qxe5+ f6 23. Qh5 f5 24. Rc2 Nb4 25. Rcc1 Qf6 26. Nf4 Kh7 27. h4
Qf7 28. Qf3 Qg8 29. Qh3 Qg4 30. Qh2 Rc6 31. f3 Qg7 32. Qh3 Qf7 33. g4 Qe7 34.
Rce1 Nc2 35. g5 Nxe1 36. g6+ 0-1

[Event "Russian Championship B15 1st league 2016"]
[Site "Loo"]
[Date "2016.04.25"]
[Round "6.29"]
[White "Martyntsev, Roman"]
[Black "Kolkhidov, Azamat"]
[Result "1-0"]
[WhiteElo "1768"]
[BlackElo "1655"]
[PlyCount "107"]
[EventDate "2016.04.20"]

1. e4 c5 2. Nf3 g6 3. d4 Bg7 4. c3 cxd4 5. cxd4 d5 6. e5 Nh6 7. h3 Nc6 8. Be3
Bf5 9. Nc3 O-O 10. Qd2 Nb4 11. Rc1 Nc2+ 12. Rxc2 Bxc2 13. Qxc2 Nf5 14. Bf4 f6
15. exf6 Bxf6 16. Qd2 Qb6 17. Nxd5 Qe6+ 18. Ne3 Qe4 19. Be5 Bxe5 20. Bd3 Qc6
21. Nxe5 Qd6 22. Nxf5 gxf5 23. O-O Kh8 24. Bc4 e6 25. Qh6 Rae8 26. Ng6+ Kg8 27.
Nxf8 Qxf8 28. Bxe6+ Kh8 29. Qxf8+ Rxf8 30. Rc1 Kg7 31. f4 b6 32. Rc7+ Kf6 33.
d5 a5 34. Rxh7 b5 35. Rb7 a4 36. Rxb5 a3 37. b3 Ra8 38. Kf2 Ra6 39. Ke3 Ra7 40.
Kd4 Rg7 41. g4 Rh7 42. gxf5 Rxh3 43. Rb7 Rh7 44. Rf7+ Rxf7 45. Bxf7 Kxf7 46.
Ke5 Ke7 47. b4 Kd7 48. f6 Kc7 49. f7 Kb6 50. f8=Q Kb5 51. Qc5+ Ka6 52. Qc6+ Ka7
53. Qb5 Ka8 54. Kd6 1-0

[Event "Russian Championship B15 1st league 2016"]
[Site "Loo"]
[Date "2016.04.25"]
[Round "6.30"]
[White "Arkhipenko, Denis"]
[Black "Pochtarenko, Dmitrii"]
[Result "0-1"]
[WhiteElo "1757"]
[BlackElo "1647"]
[PlyCount "120"]
[EventDate "2016.04.20"]

1. d4 Nf6 2. Bf4 c5 3. c3 b6 4. e3 d6 5. Nf3 g6 6. Nbd2 Bb7 7. Bd3 Bg7 8. O-O
O-O 9. e4 Nc6 10. d5 Nb8 11. Rb1 Nh5 12. Be3 Nd7 13. c4 b5 14. cxb5 a6 15. a4
axb5 16. Bxb5 Ba6 17. Bxa6 Rxa6 18. Nc4 Nb6 19. Nxb6 Rxb6 20. b4 Rxb4 21. Rxb4
cxb4 22. Qb3 Qa5 23. Rb1 Bc3 24. Bd4 Rc8 25. h3 Nf4 26. Bxc3 bxc3 27. Nd4 Qc5
28. Nc2 Nd3 29. Qb6 Qc4 30. Qb7 Rc7 31. Qb8+ Kg7 32. Na3 Qc5 33. Nc2 Qxf2+ 34.
Kh2 Nf4 35. Rg1 Ne2 36. Re1 Nf4 37. Rg1 Rc5 38. Qb1 g5 39. Qd1 h5 40. Qd4+ Qxd4
41. Nxd4 Rc4 42. Nc2 Rxa4 43. Rf1 Rxe4 44. Rf3 Nxd5 45. Kg3 Re2 46. Rf2 Rd2 47.
Kf3 g4+ 48. hxg4 hxg4+ 49. Kg3 Kg6 50. Na1 f5 51. Nb3 f4+ 52. Rxf4 Nxf4 53.
Kxf4 c2 54. Ke3 Rd1 55. Kf4 Rb1 56. Nc1 Rxc1 57. Kxg4 Rf1 58. Kg3 c1=Q 59. Kh3
Qf4 60. g4 Rg1 0-1

[Event "Russian Championship B15 1st league 2016"]
[Site "Loo"]
[Date "2016.04.25"]
[Round "6.31"]
[White "Koliev, Irlan"]
[Black "Zharikov, Dmitry"]
[Result "1-0"]
[WhiteElo "1737"]
[BlackElo "1644"]
[PlyCount "121"]
[EventDate "2016.04.20"]

1. d4 Nf6 2. Nf3 g6 3. c4 c5 4. Nc3 Bg7 5. e4 cxd4 6. Nxd4 Nc6 7. Be3 Ng4 8.
Nxc6 Nxe3 9. Nxd8 Nxd1 10. Rxd1 Bxc3+ 11. bxc3 Kxd8 12. c5 Kc7 13. Bc4 Rf8 14.
Ke2 Kc6 15. Bb3 Kxc5 16. Rd5+ Kc6 17. Ba4+ Kc7 18. Rhd1 d6 19. e5 dxe5 20. Rc5+
Kb6 21. Rxe5 Be6 22. Bb3 Bxb3 23. axb3 e6 24. Rd4 Rfd8 25. Rh4 h5 26. g4 hxg4
27. Rh7 Rf8 28. Re4 Rac8 29. c4 Kc5 30. Rxg4 Rc7 31. Rxg6 fxg6 32. Rxc7+ Kb6
33. Re7 Rf6 34. Ke3 g5 35. f3 Rh6 36. Ke4 Rxh2 37. Rxe6+ Kc7 38. Kf5 Rf2 39.
Kg4 Rg2+ 40. Kh5 Rg3 41. Rf6 Kd7 42. Kg6 Ke7 43. Rf5 Kd6 44. Kf6 Kc7 45. Ke5
Kc6 46. Ke4 Kc7 47. Rf7+ Kc6 48. Rg7 Kb6 49. b4 a6 50. Rf7 Rg1 51. Kf5 Rg3 52.
Ke5 Rg2 53. Rg7 Rg3 54. Kd5 Ka7 55. Rf7 Rg2 56. Kc5 Rd2 57. Rf5 Rg2 58. Kd6 Rg3
59. Kc7 Rg2 60. b5 Rc2 61. b6+ 1-0

[Event "Russian Championship B15 1st league 2016"]
[Site "Loo"]
[Date "2016.04.25"]
[Round "6.32"]
[White "Shirinkin, Pavel"]
[Black "Fominov, Andrei"]
[Result "0-1"]
[WhiteElo "1676"]
[BlackElo "1730"]
[PlyCount "112"]
[EventDate "2016.04.20"]

1. d4 Nf6 2. Nf3 g6 3. c4 Bg7 4. g3 O-O 5. Bg2 d6 6. O-O Nbd7 7. Nc3 e5 8. e4
exd4 9. Nxd4 a5 10. f4 Re8 11. Re1 Nc5 12. Nb3 Nfd7 13. Qc2 a4 14. Nxc5 Nxc5
15. Rb1 f5 16. Be3 Bxc3 17. bxc3 Nxe4 18. Bd4 c5 19. Bxe4 fxe4 20. Be3 Qc7 21.
Qd2 Be6 22. Red1 Rad8 23. Qe2 Qf7 24. Qb2 Bxc4 25. Qxb7 Bxa2 26. Qxf7+ Kxf7 27.
Rb7+ Re7 28. Rb6 Red7 29. Kf2 Bb3 30. Rd2 Bc4 31. Rd1 a3 32. Ra1 a2 33. Ke1 Rc8
34. Bc1 Rcc7 35. Kd2 Rb7 36. Rb2 d5 37. Kc2 Bd3+ 38. Kd2 Bb1 39. Rxb7 Rxb7 40.
Ba3 Rb5 41. Ke3 Rb3 42. Bxc5 Rxc3+ 43. Kd4 Rxc5 44. Kxc5 e3 45. Kxd5 e2 46. Kd4
e1=Q 47. Kc4 Qd2 48. Kb3 Qc2+ 49. Kb4 Qb2+ 50. Kc5 Qxa1 51. f5 gxf5 52. g4 Qc3+
53. Kd5 a1=Q 54. gxf5 Qaa5+ 55. Kd6 Qd4+ 56. Kc6 Qab6# 0-1

[Event "Russian Championship B15 1st league 2016"]
[Site "Loo"]
[Date "2016.04.25"]
[Round "6.33"]
[White "Shaidullin, Ratmir"]
[Black "Yangutov, Aleksey"]
[Result "1-0"]
[WhiteElo "1647"]
[BlackElo "1723"]
[PlyCount "129"]
[EventDate "2016.04.20"]

1. d4 Nf6 2. Nf3 c5 3. d5 e6 4. c4 exd5 5. cxd5 d6 6. Nc3 g6 7. e4 Bg7 8. Be2
O-O 9. O-O a6 10. a4 Nbd7 11. Bf4 Qb6 12. Qc2 Nh5 13. Be3 Qc7 14. Nd2 Nhf6 15.
Nc4 Nb6 16. Nd2 Rb8 17. Bf4 h6 18. a5 Nbd7 19. Nc4 Ne8 20. Bg4 b5 21. axb6 Nxb6
22. Nxb6 Rxb6 23. Bxc8 Qxc8 24. Ra2 g5 25. Bg3 Qd8 26. Nb1 Qb8 27. b3 Rxb3 28.
Rxa6 Qb7 29. Rc6 Rb6 30. Rxb6 Qxb6 31. Nd2 Qc7 32. Nc4 Qd7 33. Ne3 Nc7 34. Nf5
Nb5 35. Qa4 Qe8 36. Rb1 Nc3 37. Qxe8 Ne2+ 38. Kf1 Nxg3+ 39. hxg3 Rxe8 40. Nxd6
Ra8 41. Rc1 Ra1 42. Rxa1 Bxa1 43. Ke2 Kf8 44. g4 f6 45. f3 Ke7 46. Nf5+ Kd7 47.
Kd3 Be5 48. Kc4 Bb8 49. Kxc5 Ba7+ 50. Kb5 Bb8 51. Nxh6 Be5 52. Nf5 Bc3 53. Kc4
Bb2 54. Ng3 Be5 55. Nh5 Bb2 56. g3 Be5 57. f4 Bb2 58. Ng7 Bc1 59. Ne6 Kd6 60.
Kd3 Kd7 61. fxg5 fxg5 62. e5 Bb2 63. Ke4 Bc1 64. Kf5 Be3 65. Nxg5 1-0

[Event "Russian Championship B15 1st league 2016"]
[Site "Loo"]
[Date "2016.04.25"]
[Round "6.34"]
[White "Morgachev, Sergey"]
[Black "Tikhonov, Viacheslav"]
[Result "1/2-1/2"]
[WhiteElo "1721"]
[BlackElo "1611"]
[PlyCount "94"]
[EventDate "2016.04.20"]

1. d4 Nf6 2. c4 c5 3. d5 e6 4. Nc3 exd5 5. cxd5 d6 6. Nf3 g6 7. Nd2 Bg7 8. e4
O-O 9. Be2 Re8 10. O-O Na6 11. h3 Nc7 12. Qc2 Rb8 13. a4 Nfxd5 14. Nc4 Nxc3 15.
bxc3 Qf6 16. Bd2 d5 17. e5 Qh4 18. Nd6 Rxe5 19. Nxc8 Rxc8 20. Bg4 f5 21. g3 Qf6
22. Bf3 Ne6 23. Bg2 f4 24. Rae1 f3 25. Rxe5 Qxe5 26. Bxf3 Qd6 27. Qb3 Rd8 28.
Qxb7 Qb6 29. Qxb6 axb6 30. Re1 Kf7 31. Bg4 Re8 32. Kf1 h5 33. Bxe6+ Rxe6 34.
Rxe6 Kxe6 35. Ke2 Kd6 36. Kd3 b5 37. axb5 c4+ 38. Kc2 Kc5 39. f3 Kxb5 40. g4
hxg4 41. fxg4 Bf6 42. Be1 g5 43. Bf2 Kc6 44. Be3 Kd6 45. Bf2 Ke6 46. Be3 Be7
47. Bd4 Bd8 1/2-1/2

[Event "Russian Championship B15 1st league 2016"]
[Site "Loo"]
[Date "2016.04.25"]
[Round "6.35"]
[White "Anikiev, Yan"]
[Black "Kisarov, Timur"]
[Result "1-0"]
[WhiteElo "1628"]
[BlackElo "1697"]
[PlyCount "47"]
[EventDate "2016.04.20"]

1. e4 e5 2. Nf3 Nc6 3. Nc3 Nf6 4. d4 exd4 5. Nxd4 Bc5 6. Be3 Bxd4 7. Bxd4 O-O
8. Bxf6 Qxf6 9. Bd3 d6 10. O-O Ne5 11. Nd5 Qg6 12. Ne7+ Kh8 13. Nxg6+ fxg6 14.
f4 Nc6 15. Bb5 Be6 16. Bxc6 bxc6 17. f5 gxf5 18. exf5 Bd7 19. f6 gxf6 20. Qd4
Kg7 21. Rae1 Rf7 22. Re7 Raf8 23. Qxf6+ Kg8 24. Rxf7 1-0

[Event "Russian Championship B15 1st league 2016"]
[Site "Loo"]
[Date "2016.04.25"]
[Round "6.36"]
[White "Ananjev, Ilija"]
[Black "Kumakov, Ivan"]
[Result "0-1"]
[WhiteElo "1624"]
[BlackElo "1697"]
[PlyCount "126"]
[EventDate "2016.04.20"]

1. d4 Nf6 2. c4 e6 3. Nf3 b6 4. g3 Bb7 5. Bg2 Bb4+ 6. Bd2 Bxd2+ 7. Qxd2 O-O 8.
Nc3 d6 9. O-O Nbd7 10. Qc2 c5 11. e4 cxd4 12. Nxd4 Nc5 13. Rfd1 Qe7 14. f4 Rfd8
15. Qe2 Rac8 16. b4 Na6 17. b5 Nb8 18. Rac1 Nfd7 19. e5 Nc5 20. exd6 Rxd6 21.
Nf5 Rxd1+ 22. Rxd1 Qc7 23. Nd6 Rf8 24. Nxb7 Nxb7 25. Bxb7 Qxb7 26. Qd3 h6 27.
Ne4 Qc7 28. Qd4 Rc8 29. Rc1 Nd7 30. Kf2 e5 31. fxe5 Nxe5 32. Nd6 Qc5 33. Qxc5
Rxc5 34. Rc3 Kf8 35. Ke2 g6 36. Ra3 Rc7 37. Re3 Nxc4 38. Re8+ Kg7 39. Nxc4 Rxc4
40. Kd3 Ra4 41. Re2 Rb4 42. Re7 Ra4 43. Re2 Kf6 44. Rb2 Ke6 45. Kc3 Kd5 46. Rf2
Kc5 47. Rxf7 Rxa2 48. Kb3 Rxh2 49. Rxa7 Kxb5 50. Rg7 g5 51. Rg6 Rh3 52. Kb2
Rxg3 53. Rxh6 Kc5 54. Rh8 b5 55. Rc8+ Kb4 56. Rg8 Rg2+ 57. Kc1 Kb3 58. Rb8 b4
59. Rb7 g4 60. Rb8 g3 61. Rb7 Rc2+ 62. Kd1 g2 63. Rg7 Kb2 0-1

[Event "Russian Championship B15 1st league 2016"]
[Site "Loo"]
[Date "2016.04.25"]
[Round "6.37"]
[White "Rudikov, Dmitry"]
[Black "Shmelev, Mikhail"]
[Result "1-0"]
[WhiteElo "1678"]
[BlackElo "1589"]
[PlyCount "101"]
[EventDate "2016.04.20"]

1. d4 Nf6 2. c4 g6 3. Nc3 Bg7 4. e4 d6 5. Nf3 O-O 6. Be2 e5 7. d5 Nbd7 8. O-O
Ne8 9. Bg5 Ndf6 10. Nd2 h6 11. Bh4 g5 12. Bg3 Nxe4 13. Ndxe4 f5 14. Nd2 f4 15.
Nde4 Bf6 16. h3 fxg3 17. Nxg3 Ng7 18. Bd3 Be7 19. Nh5 Qe8 20. Nxg7 Kxg7 21. Ne4
Bf5 22. Ng3 Bxd3 23. Qxd3 Qf7 24. Qe2 Qg6 25. Nh5+ Kh7 26. g4 Rf7 27. Ng3 Raf8
28. Nf5 Rxf5 29. gxf5 Qxf5 30. Kg2 Kg6 31. f3 Qf4 32. Qe4+ Kg7 33. Rh1 Qxe4 34.
fxe4 Rf4 35. Rae1 h5 36. Re3 Kg6 37. Rf1 g4 38. hxg4 hxg4 39. Rh1 Rf7 40. Rh8
Kg5 41. Kg3 Bf6 42. Rg8+ Rg7 43. Rxg7+ Bxg7 44. Rb3 b6 45. Ra3 a5 46. b4 Kh5
47. bxa5 bxa5 48. Rxa5 Bf6 49. Ra8 Bh4+ 50. Kg2 Kg5 51. Rf8 1-0

[Event "Russian Championship B15 1st league 2016"]
[Site "Loo"]
[Date "2016.04.25"]
[Round "6.38"]
[White "Frolkin, Nikita"]
[Black "Perov, German"]
[Result "1-0"]
[WhiteElo "1602"]
[BlackElo "1676"]
[PlyCount "109"]
[EventDate "2016.04.20"]

1. d4 d5 2. c4 e5 3. dxe5 d4 4. Nf3 Nc6 5. e3 Bb4+ 6. Bd2 dxe3 7. fxe3 Bf5 8.
Be2 Nge7 9. O-O Bxb1 10. Bxb4 Qxd1 11. Rxd1 Nxb4 12. Raxb1 Nxa2 13. e6 fxe6 14.
Ng5 O-O 15. Nxe6 Rf6 16. Nxc7 Raf8 17. Bf3 Nf5 18. Nd5 Ra6 19. e4 Nh4 20. Be2
Ng6 21. Rf1 Rd8 22. Rbd1 Rf8 23. Bh5 Re6 24. Bxg6 hxg6 25. Ra1 Rxf1+ 26. Kxf1
Ra6 27. Nc3 Rf6+ 28. Ke2 Nxc3+ 29. bxc3 a6 30. Ra5 Rb6 31. Ra2 Kf7 32. Ke3 Ke6
33. h4 Rc6 34. Ra4 Rd6 35. c5 Rc6 36. Kd4 Rc7 37. Rb4 Rd7+ 38. Ke3 Rc7 39. Rb6+
Rc6 40. Rxb7 Rxc5 41. Kd4 Rh5 42. g3 g5 43. Rxg7 gxh4 44. gxh4 Rxh4 45. Rg6+
Kd7 46. Rxa6 Rh5 47. c4 Rg5 48. e5 Rg1 49. Rh6 Rd1+ 50. Kc5 Re1 51. e6+ Ke7 52.
Rh7+ Kd8 53. Kd6 Rd1+ 54. Kc6 Rd7 55. Rxd7+ 1-0

[Event "Russian Championship B15 1st league 2016"]
[Site "Loo"]
[Date "2016.04.25"]
[Round "6.39"]
[White "Balashov, Egor"]
[Black "Novikov, Aleksey"]
[Result "0-1"]
[WhiteElo "1596"]
[BlackElo "1823"]
[PlyCount "62"]
[EventDate "2016.04.20"]

1. Nf3 d5 2. d4 Nf6 3. c4 c6 4. Qc2 e6 5. g3 Be7 6. Bg2 O-O 7. O-O Nbd7 8. b3
dxc4 9. bxc4 c5 10. Rd1 cxd4 11. Nxd4 Qb6 12. Nc3 a6 13. Rb1 Qc7 14. Ne4 Nxe4
15. Bxe4 Nf6 16. Bg2 e5 17. Nf5 Bc5 18. h3 e4 19. Bf4 Qa5 20. Nd6 Bxd6 21. Bxd6
Re8 22. c5 Bd7 23. Rxb7 Bc6 24. Rb6 Nd5 25. Rxc6 Nb4 26. Qb1 Nxc6 27. Bxe4 Qa4
28. Bxh7+ Kh8 29. Bd3 Nd4 30. Qb2 Qxd1+ 31. Kg2 Nxe2 0-1

[Event "Russian Championship B15 1st league 2016"]
[Site "Loo"]
[Date "2016.04.25"]
[Round "6.40"]
[White "Pynko, Alexander"]
[Black "Grigoriants, Boris"]
[Result "1/2-1/2"]
[WhiteElo "1615"]
[BlackElo "1801"]
[PlyCount "82"]
[EventDate "2016.04.20"]

1. e4 e5 2. Nf3 Nc6 3. Bc4 Nf6 4. Ng5 d5 5. exd5 Nxd5 6. Qf3 Qxg5 7. Bxd5 Nd8
8. O-O c6 9. Bb3 Bd6 10. Re1 Qh4 11. Nc3 O-O 12. h3 Be6 13. d3 Bxb3 14. axb3
Ne6 15. Ne4 Bc7 16. Be3 f5 17. Nc3 a6 18. Ra4 f4 19. Bd2 Nd4 20. Qd1 b5 21. Ra1
f3 22. Re4 Qh5 23. Kh2 Rf6 24. g3 g5 25. Bxg5 Rg6 26. Bh4 Kh8 27. Qd2 b4 28.
Nd1 a5 29. Ne3 Rag8 30. Ng4 Rf8 31. Rae1 Ne2 32. Qe3 Nf4 33. Nxe5 Bxe5 34. Rxe5
Qh6 35. Rg1 Qg7 36. Re8 Ng2 37. Rxf8+ Qxf8 38. Qe5+ Kg8 39. Qe7 Qf5 40. Qe8+
Kg7 41. Qe7+ Kg8 1/2-1/2

[Event "Russian Championship B15 1st league 2016"]
[Site "Loo"]
[Date "2016.04.25"]
[Round "6.41"]
[White "Sheletun, Yakov"]
[Black "Kulakov, Ilya"]
[Result "1-0"]
[WhiteElo "1790"]
[BlackElo "1599"]
[PlyCount "95"]
[EventDate "2016.04.20"]

1. e4 e5 2. Nf3 Nc6 3. d4 exd4 4. Nxd4 Qf6 5. Nxc6 Bc5 6. Qf3 bxc6 7. Nc3 Bd4
8. Bd2 Rb8 9. Bc4 Qxf3 10. gxf3 Ne7 11. Be3 Bxc3+ 12. bxc3 d5 13. Bb3 a6 14.
O-O-O Be6 15. Rhg1 Rg8 16. Bc5 Rd8 17. Rge1 dxe4 18. Rxe4 Rxd1+ 19. Kxd1 Nd5
20. Kd2 Kd7 21. Rd4 Kc8 22. Bc4 Kb7 23. Bd3 g6 24. Ra4 Ra8 25. c4 Nb6 26. Rb4
a5 27. Rb1 Rd8 28. Kc3 Rb8 29. Be4 f5 30. Bd3 Kc8 31. Bxb6 cxb6 32. Re1 Kd7 33.
Re5 Kd6 34. f4 Rf8 35. Re3 Rf7 36. c5+ bxc5 37. Rxe6+ Kxe6 38. Bc4+ Kf6 39.
Bxf7 Kxf7 40. Kc4 Kf6 41. Kxc5 g5 42. Kxc6 gxf4 43. Kd6 Kg5 44. c4 Kg4 45. c5
Kf3 46. Ke5 h5 47. c6 h4 48. c7 1-0

[Event "Russian Championship B15 1st league 2016"]
[Site "Loo"]
[Date "2016.04.25"]
[Round "6.42"]
[White "Babunov, Alexander"]
[Black "Foshenko, Kirill"]
[Result "1-0"]
[WhiteElo "1780"]
[BlackElo "1620"]
[PlyCount "97"]
[EventDate "2016.04.20"]

1. d4 Nf6 2. c4 g6 3. Nc3 Bg7 4. e4 d6 5. Nge2 O-O 6. Ng3 Nbd7 7. Be2 e5 8. d5
Nc5 9. h4 h5 10. Bg5 a5 11. Bxh5 gxh5 12. Nxh5 Ncd7 13. Qf3 a4 14. Rh3 a3 15.
b3 c6 16. Rg3 Nxh5 17. Bxd8 Nxg3 18. Be7 Re8 19. Bxd6 Nh5 20. Qxh5 Nf6 21. Qe2
cxd5 22. Nxd5 Nxd5 23. cxd5 f5 24. O-O-O fxe4 25. Qxe4 Bd7 26. g4 Rac8+ 27. Kb1
Rc3 28. h5 Rec8 29. g5 Rc2 30. Qxc2 Rxc2 31. Kxc2 Bg4 32. Re1 Bf5+ 33. Kc1 e4
34. Bxa3 Bd4 35. Re3 Bxe3+ 36. fxe3 Bg4 37. h6 Bf5 38. Kd2 Kf7 39. Kc3 Kg6 40.
Kd4 Kxg5 41. Bf8 Kf6 42. Bg7+ Ke7 43. Ke5 Bh7 44. a4 Kd7 45. b4 Ke7 46. a5 Bg6
47. b5 Bh7 48. d6+ Kd7 49. a6 1-0

[Event "Russian Championship B15 1st league 2016"]
[Site "Loo"]
[Date "2016.04.25"]
[Round "6.43"]
[White "Tsopanov, Mikhail"]
[Black "Ardasenov, Soslan"]
[Result "1-0"]
[WhiteElo "1572"]
[BlackElo "1690"]
[PlyCount "53"]
[EventDate "2016.04.20"]

1. c4 Nf6 2. d4 g6 3. Nc3 Bg7 4. Nf3 O-O 5. Bg5 d6 6. e3 Nbd7 7. Be2 c6 8. O-O
h6 9. Bh4 g5 10. Bg3 Nh5 11. Nd2 Nxg3 12. hxg3 e5 13. Nf3 f5 14. b4 g4 15. Ne1
exd4 16. exd4 c5 17. Nc2 cxd4 18. Nxd4 Qf6 19. Ncb5 Nb6 20. Nb3 Be6 21. Rc1
Rfd8 22. Nc7 Rac8 23. Nxe6 Qxe6 24. Qc2 Nd7 25. Rfd1 Be5 26. c5 dxc5 27. Bc4
1-0

[Event "Russian Championship B15 1st league 2016"]
[Site "Loo"]
[Date "2016.04.25"]
[Round "6.44"]
[White "Shushakov, Andrey"]
[Black "Gorbunov, Semen"]
[Result "0-1"]
[WhiteElo "1550"]
[BlackElo "1675"]
[PlyCount "120"]
[EventDate "2016.04.20"]

1. e4 e5 2. Nf3 Nc6 3. Bc4 Nf6 4. d3 Bc5 5. c3 d6 6. O-O h6 7. Nbd2 O-O 8. Re1
Bd7 9. Nf1 Qe7 10. Ng3 Rad8 11. h3 Na5 12. Bb3 Nxb3 13. Qxb3 Bb6 14. Nh4 Nxe4
15. Rxe4 Be6 16. Qd1 d5 17. Nhf5 Qf6 18. Nxh6+ gxh6 19. Re2 Qg6 20. Qd2 Qxg3
21. Qxh6 Qg6 22. Qh4 f6 23. d4 Kf7 24. dxe5 Rh8 25. Qxf6+ Qxf6 26. exf6 Kxf6
27. h4 Rde8 28. Bg5+ Kf7 29. Kh2 Bg4 30. Rd2 c6 31. f3 Bd7 32. f4 Re4 33. Rf1
Bc7 34. g3 Bd8 35. Rdf2 Bf5 36. Kg2 Bb6 37. Rd2 Rhe8 38. h5 Re2+ 39. Rxe2 Rxe2+
40. Kf3 Re3+ 41. Kg2 Bg4 42. f5 Re2+ 43. Kh1 Bh3 44. Rf4 Bg2+ 45. Kh2 Bf3+ 46.
Kh3 Be3 47. Rxf3 Bxg5 48. g4 Rxb2 49. f6 Re2 50. Rf5 Bxf6 51. g5 Re6 52. Kg4
Kg7 53. gxf6+ Rxf6 54. h6+ Rxh6 55. Kg3 Rf6 56. Re5 Kf7 57. Rh5 Ke6 58. Rh7 Rf7
59. Rh5 Kd6 60. Rh6+ Kc5 0-1